000 01349nam a22003857a 4500
001 391
003 FISKH
005 20230823125824.0
008 230406b cb ||||| |||| 00| 0 eng d
010 _a 200
020 _a9781426306099 (library binding)
020 _a1426306091 (library binding)
020 _a9781426306082 (trade pbk.)
020 _a1426306083 (trade pbk.)
035 _a(OCoLC)ocn320186964
040 _aDNAL/DLC
_cDLC
_dIG#
_dBTCTA
_dUKM
_dOCP
_dDLC
_dFISKH
050 0 0 _aQL568.F7
_bS82 2010
082 0 0 _a595.79/6
_222
100 1 _aStewart, Melissa.
245 1 0 _aAnts /
_cMelissa Stewart.
260 _aWashington, D.C. :
_bNational Geographic,
_c2010.
300 _a32 p. :
_bcol. ill. ;
_c24 cm.
490 1 _aNational Geographic readers. Level 1
505 0 _aH
505 0 _aAnts all around -- Ants at home -- The ant man -- An ant's life -- Worker ants -- Ants with wings -- Superhero ants -- What's for dinner? -- Hooray for ants!
520 _aDescribes different types of ants and their behavior.
521 1 _a470
_bLexile
521 1 _aH
_bRaz-Plus
650 0 _aAnts
_vJuvenile literature.
650 1 _aAnts.
830 0 _aNational Geographic readers.
_nLevel 1.
906 _a7
_bcbc
_corignew
_d1
_eecip
_f20
_gy-gencatlg
942 _2ddc
_cBK
_n0
999 _c391
_d391